| 000 | 00912nam a2200289 i 4500 | ||
|---|---|---|---|
| 001 | bg | ||
| 100 | 1 | _aPROFFITT, Brian. | |
| 245 | 1 | 0 |
_aWindows XP PL Professional : _bczarna księga / _cBrian Proffitt ; [tł. Witold Kurylak]. |
| 246 |
_iTyt. oryg.: _aWindows XP Professional little black book |
||
| 260 |
_aGliwice : _b"Helion", _ccop. 2002. |
||
| 300 |
_a389 s. : _bil. ; _c24 cm. |
||
| 490 | 1 | _aCzarna Księga | |
| 500 | _aTyt. oryg.: "Windows XP Professional little black book" 2002. | ||
| 504 | _aIndeks. | ||
| 650 | 9 | _aWindows XP | |
| 655 | _aPodręczniki | ||
| 700 | 1 |
_aKURYLAK, Witold. _eTł. |
|
| 830 | 0 | _aCzarna Księga | |
| 020 | _a8371976976 | ||
| 040 | _cBPK | ||
| 041 | 1 |
_apol _heng |
|
| 080 | _a004.451(07) | ||
| 920 | _a83-7197-697-6 | ||
| 942 | _cKS | ||
| 008 | s pl f |000 0 pol | ||
| 999 |
_c43578 _d43578 |
||
| 856 |
_uhttp://koha.tu.koszalin.pl/cgi-bin/koha/opac-detail.pl?biblionumber=43578 _yKatalog online BPK |
||